1292 1626 1331 1160 1620 1179 1247 1640 1471 1605 1775 1233 1766 1403 1763 1679 1341 1853 1401 1371 1604 1919 1632 1977 1052 1465 1698 1364 1839 1054 1369 1657 1037 1382 1523 1459 1303 1979 1936 1037 1536 1815 1201 1698 1947 1641 1485 1025 1807 1961 1161 1457 1797 1399 1390 1719 1941 1159 1713 1180 1609 1975 1119 1616 1408 1255 1996 1033 1147 1523 1871 1463 1777 1952 1480 1148 1954 1183 1124 1999 1375 1101 1967 1161 1567 1651 1928 1248 1738 1193 1332 1307 1465 1359 1288 1121 1612 1033 1357 BCNSPRNW ULIB Ver.6.0+V

เปลี่ยนเป็นภาษาไทย

Change to English
 แสดงรายละเอียดบรรณานุกรม
  กลับหน้าหลัก

Brief Record : Get Marc (ISO 2709) : E-mail record : QR code < ปิดหน้าต่าง
LEADER : 00000nam 2200000uu 4500
001    13399129044
003     ULIB
008    250528s2567||||th 000 0 tha d
020    ^a9786169332022
060  4 ^aWG340^bส927น
110 1  ^aสมาคมความดันโลหิตสูงแห่งประเทศไทย
245 0   ^aแนวทางการรักษาโรคความดันโลหิตสูงในเวชปฏิบัติทั่วไป พ.ศ. 2567 =^b2024 Thai Guidelines on the treatment of hypertension /^cสมาคมความดันโลหิตสูงแห่งประเทศไทย
246 3   ^a2024 Thai Guidelines on the treatment of hypertension.
250    ^aพิมพ์ครั้งที่ 1.
260    ^aกรุงเทพฯ :^bสมาคมความดันโลหิตสูงแห่งประเทศไทย,^c2567.
300    ^aก-ฉ, 1-139; i-vi, 140-317 หน้า :^bภาพประกอบสี ;^c25 ซม
505 0  ^aอารัมภบท -- การวัดความดันโลหิต -- การประเมินผู้ป่วยที่เป็นโรคความดันโลหิตสูง -- การป้องกันและควบคุมโรคความดันโลหิตสูงโดยการปรับเปลี่ยนพฤติกรรมชีวิต -- การให้ยารักษาโรคความดันโลหิตสูง -- ความดันโลหิตสูงในผู้ป่วยที่มีโรคร่วม -- การรักษาความดันโลหิตสูงในสตรีตั้งครรภ์ -- การควบคุมความดันโลหิตสูงในผู้ที่จะต้องได้รับการผ่าตัด -- โรคความดันโลหิตสูงในวัยผู้ใหญ่ตอนต้น และ isolated diastolic hypertension -- โรคความดันโลหิตสูงในผู้สูงอายุ และ isolated systolic hypertension -- ความดันโลหิตสูงทุติยภูมิ -- Resistant และ refractory hypertension -- Hypertension crises -- Device-based therapy -- การลดความเสี่ยงในผู้ป่วยที่เป็นโรคความดันโลหิตสูง -- การใช้ telemedicine เพื่อช่วยควบคุมความดันโลหิต -- ยุทธศาสตร์เพื่อพัฒนาการรักษาและการควบคุมความดันโลหิตสูง
650  2 ^aHypertension^xtherapy
650  7 ^aHypertension^xdiagnosis
650  7 ^aความดันเลือดสูง^xการบำบัด
650  7 ^aความดันเลือดสูง^xการวินิจฉัย
710 2  ^aThai hypertension society.
710 2  ^aสมาคมความดันโลหิตสูงแห่งประเทศไทย
945    ^p400^l0^i011689
945    ^p400^l0^i011690
945    ^p400^l0^i011691
999    ^aประนอม เกษจรัล
รายการนี้ยังไม่มีแท็ก
คุณยังไม่ได้ล็อกอิน คุณสามารถมีกิจกรรมร่วมกับเว็บไซต์ได้ แต่ต้องล็อกอินก่อน ::
  ล็อกอิน

รายการสื่อสารสนเทศ

ลำดับที่ ประเภท เลขเรียก/บาร์โค้ด สถานที่ สถานะ
1. วิทยาศาสตร์การแพทย์ และสุขภาพ
หนังสือสำรอง
สถานะ=หนังสือสำรอง
WG340 ส927น ฉ.1 
  Barcode: 011689
ห้องสมุดวิทยาเขตสวรรค์ประชารักษ์
►หนังสือทั่วไป
บนชั้น
2. วิทยาศาสตร์การแพทย์ และสุขภาพ
วิทยาศาสตร์การแพทย์ และสุขภาพ
WG340 ส927น ฉ.2 
  Barcode: 011690
ห้องสมุดวิทยาเขตสวรรค์ประชารักษ์
►หนังสือทั่วไป
บนชั้น
3. วิทยาศาสตร์การแพทย์ และสุขภาพ
วิทยาศาสตร์การแพทย์ และสุขภาพ
WG340 ส927น ฉ.3 
  Barcode: 011691
ห้องสมุดวิทยาเขตสวรรค์ประชารักษ์
►หนังสือทั่วไป
บนชั้น

BibComment


ยังไม่เคยถูกคอมเมนท์

คอมเมนท์ทรัพยากรรายการนี้
  คอมเมนท์: แนวทางการรักษาโ..


 Copyright 2026. Bcnsprnw @Library